000
00287nam a22001337a 4500
008
170923b xxu||||| |||| 00| 0 eng d
020
_a
2900205648367
041
_a
eng
080
_a
37
100
_a
46
101
_a
EDU
245
_a
WRITING ARGUMENTS
_c
RAMAGE, J.D
942
_2
udc
_c
BK
999
_c
29341
_d
29341